Los dominios del lobo /

Guardat en:
Dades bibliogràfiques
Autor principal: Marías, Javier (autor)
Format: Llibre
Idioma:espanyol
Publicat: Madrid, España : Anagrama, 1996, c1996
Col·lecció:(Compactos ; 127)
Matèries:
Etiquetes: Afegir etiqueta
Sense etiquetes, Sigues el primer a etiquetar aquest registre!

MARC

LEADER 00000nam^a2200000^a^4500
001 000049521
005 20250521000000.0
009 20260310090207.464
020 |a 84-339-1458-8 
037 |a Acervo ITESO - Biblioteca 
041 |a ESP 
082 |a 863.  |b MAR 
100 |a Marías, Javier  |e (autor) 
245 1 4 |a Los dominios del lobo /  |c J. Marías. 
264 4 |a Madrid, España :  |b Anagrama,  |c 1996, c1996 
300 |a 235 p. 
336 |a texto  |b txt  |2 rdacontenido 
337 |a sin mediación  |b n  |2 rdamedio 
338 |a volumen  |b nc  |2 rdasoporte 
440 1 |a (Compactos ;  |v 127) 
649 |a XX 
650 |a Novela Española 
650 |a Literatura Española -  |y Siglo XX 
910 |a Fondo General 
920 |a Impresos - Libros 
930 |a Colección General 
940 |a Literatura 
905 |a 101 
901 |a 0500005397  |b IT1  |c LIT  |u 20250521 
902 |a https://opac.biblio.iteso.mx/vufind/Record/000049521